000
00185 a2200097 4500
020
_a
8475254365
041
_a
spa
100
_a
Santiago Santerbs̀
245
_a
Romǹ y yo
942
_c
BK
999
_c
28996
_d
28994